000 00606nam a2200205Ia 4500
001 19799
003 GE_BSU
008 181216s||||||||xx |||||||||||||| ||und||
040 _cGE_BSU
245 _aКлиническая медицина. Том 94. №10, 2016.
245 _cГл. ред. В.Б.Симоненко.
260 _aМосква
260 _bМедицина
260 _c2016
300 _a724-800стр. 29см.
653 _aКлиническая медицина. Том 94. №10, 2016.
653 _aПериодика
653 _aპერიოდიკა
942 _cCR
999 _c52771
_d52771